Commercial development (Record no. 80105)

MARC details
000 -LEADER
fixed length control field 01342cab a22002055a 4500
001 - CONTROL NUMBER
control field L143238
008 - FIXED-LENGTH DATA ELEMENTS--GENERAL INFORMATION
fixed length control field 080418s2008 xxk f v 000 0 eng d
035 ## - SYSTEM CONTROL NUMBER
System control number (Sirsi) u143238
041 0# - LANGUAGE CODE
Language code of text/sound track or separate title eng
245 00 - TITLE STATEMENT
Title Commercial development
Remainder of title joint venture, heads of terms, construction
260 ## - PUBLICATION, DISTRIBUTION, ETC.
Date of publication, distribution, etc. 2008
490 #0 - SERIES STATEMENT
Series statement Commercial Leases
Volume/sequential designation 22(1) February 2008, 1301-1302(2)
520 ## - SUMMARY, ETC.
Summary, etc. Discusses the case of Stephen Curley and another v Jayson Hollier [2007]. The case concerned a joint venture (JV) project to redevelop an empty grade II listed building which did not go ahead as scheduled. The developers (C) claimed interest on a loan made to the defendant owners (H) plus the value of the guaranteed profits under the JV. Covers the background to the case; the claim; the defence; the issue (what was meant by the JV proceeding) and the decision. Held: the meaning of proceeding is not clear and either party's meaning could be allowed for. The court found in favour of the claimant (C), finding that they had done their reasonable best to progress the project.
590 ## - LOCAL NOTE (RLIN)
Local note KA
650 24 - SUBJECT ADDED ENTRY--TOPICAL TERM
Topical term or geographic name entry element STEPHEN CURLEY AND ANOTHER V JAYSON HOLLIER
651 #4 - SUBJECT ADDED ENTRY--GEOGRAPHIC NAME
Geographic name England and Wales
Chronological subdivision 1543-
690 ## - LOCAL SUBJECT ADDED ENTRY--TOPICAL TERM (OCLC, RLIN)
Topical term or geographic name as entry element PROPERTY-PROPERTY DEVELOPMENT
690 ## - LOCAL SUBJECT ADDED ENTRY--TOPICAL TERM (OCLC, RLIN)
Topical term or geographic name as entry element BUILT ENVIRONMENT-BUILDING TYPES-ANCIENT MONUMENTS AND HISTORIC BUILDINGS-LISTED BUILDINGS
942 ## - ADDED ENTRY ELEMENTS (KOHA)
Suppress in OPAC 0
Holdings
Withdrawn status Lost status Source of classification or shelving scheme Damaged status Not for loan Home library Current library Shelving location Date acquired Total Checkouts Full call number Barcode Date last seen Copy number Price effective from Koha item type
    Dewey Decimal Classification     London London Journal article 18/04/2008   L143238 143238-1001 06/08/2019 1 06/08/2019 Journal article